[Event "ChessKid Cup Div 3 L"]
[Site "chess.com INT"]
[Date "2023.05.23"]
[Round "3.2"]
[White "Navara, David"]
[Black "Raja, Harshit"]
[Result "1/2-1/2"]
[WhiteTitle "GM"]
[BlackTitle "GM"]
[WhiteElo "2678"]
[BlackElo "2515"]
[WhiteFideId "309095"]
[BlackFideId "5089000"]
[EventDate "2023.05.22"]
[EventType "k.o."]

1. d4 Nf6 2. c4 e6 3. Nc3 Bb4 4. e3 O-O 5. Bd3 d5 6. cxd5 exd5 7. Ne2 Re8 8. O-O
c5 9. a3 Bxc3 10. bxc3 b6 11. f3 Ba6 12. Ng3 Bxd3 13. Qxd3 Nc6 14. Bb2 h5 15.
Rae1 h4 16. Nf5 h3 17. Ng3 Ne7 18. dxc5 Rc8 19. c4 dxc4 20. Qxd8 Rexd8 21. Bxf6
gxf6 22. Ne4 Rd3 23. Nxf6+ Kg7 24. Nh5+ Kh6 25. Nf4 Rxa3 26. Ra1 Rxa1 27. Rxa1
Rxc5 28. Rxa7 Nd5 29. Ne2 Nxe3 30. gxh3 b5 31. Kf2 Nd5 32. Rxf7 b4 33. Rb7 Ra5
34. Nd4 c3 35. Kg3 Rc5 36. Nc2 Kg5 37. h4+ Kf5 38. Rb8 Ke5 39. h5 Rc7 40. Rb5
Kd6 41. h6 Rh7 42. Nxb4 Nxb4 43. Rxb4 Kc5 44. Rb1 Rxh6 45. h4 Kd4 46. Kg4 Rg6+
47. Kf5 Rg2 48. h5 Rh2 49. Kg5 c2 50. Rc1 Rg2+ 51. Kf6 Rf2 52. Kg6 Kd3 53. h6
Rxf3 54. Rh1 Rf8 55. h7 Rh8 56. Kg7 Rxh7+ 57. Kxh7 Kd2 58. Rh2+ Kd1 59. Rxc2
Kxc2 1/2-1/2

[Event "ChessKid Cup Div 3 L"]
[Site "chess.com INT"]
[Date "2023.05.23"]
[Round "3.3"]
[White "Navara, David"]
[Black "Raja, Harshit"]
[Result "1-0"]
[WhiteTitle "GM"]
[BlackTitle "GM"]
[WhiteElo "2678"]
[BlackElo "2515"]
[WhiteFideId "309095"]
[BlackFideId "5089000"]
[EventDate "2023.05.22"]
[EventType "k.o."]

1. d4 Nf6 2. Nf3 d5 3. Bf4 e6 4. e3 Bd6 5. Nbd2 O-O 6. Ne5 c5 7. c3 Qc7 8. Bd3
b6 9. h4 Ba6 10. Bxa6 Nxa6 11. h5 cxd4 12. exd4 Nc5 13. Qe2 Nfe4 14. h6 g6 15.
f3 Nxd2 16. dxc5 bxc5 17. Kxd2 f6 18. Rae1 Rab8 19. Kc2 fxe5 20. Bxe5 Rb6 21.
Rh4 Qb7 22. b3 Be7 23. Ra4 c4 24. Bd4 cxb3+ 25. axb3 Rxb3 26. Qxe6+ Rf7 27. Ra2
Ba3 28. Qe8+ Rf8 29. Qe5 Rb2+ 30. Rxb2 Qxb2+ 31. Kd1 Qb3+ 32. Ke2 Kf7 33. Kf2 1-0

[Event "ChessKid Cup Div 3 L"]
[Site "chess.com INT"]
[Date "2023.05.24"]
[Round "4.2"]
[White "Kamsky, Gata"]
[Black "Antipov, Mikhail Al."]
[Result "1/2-1/2"]
[WhiteTitle "GM"]
[BlackTitle "GM"]
[WhiteElo "2665"]
[BlackElo "2588"]
[WhiteFideId "2000024"]
[BlackFideId "4107012"]
[EventDate "2023.05.22"]
[EventType "k.o."]

1. d4 Nf6 2. Nf3 g6 3. Bg5 Bg7 4. c3 O-O 5. Nbd2 d5 6. e3 b6 7. Be2 Bb7 8. O-O
Nbd7 9. a4 a5 10. Bh4 h6 11. Ne5 Nxe5 12. dxe5 Nd7 13. f4 Qe8 14. Nb3 e6 15. Nd4
Nc5 16. Bb5 c6 17. Be2 Ne4 18. Bf3 Ba6 19. Re1 c5 20. Nb3 g5 21. Bg3 Qe7 22. Nd2
Bd3 23. Be2 Bxe2 24. Qxe2 Nxd2 25. Qxd2 f5 26. exf6 Qxf6 27. Rad1 Rf7 28. fxg5
Qxg5 29. e4 Qxd2 30. Rxd2 d4 31. e5 Rd8 32. cxd4 cxd4 33. Rd3 Bf8 34. Bh4 Rd5
35. Bf2 Bc5 36. Re4 Rf5 37. Bg3 Kf7 38. Bf4 h5 39. g3 Kg6 40. Kg2 Rf7 41. h3 b5
42. axb5 Rb7 43. Re2 Rxb5 44. Kf3 a4 45. Ke4 Rd7 46. g4 hxg4 47. Rg2 Rh7 48.
Rdg3 Kf7 49. Rxg4 Rb3 50. h4 Be7 51. Bg5 Bxg5 52. hxg5 Kg6 53. Rf4 d3 54. Rf6+
Kg7 55. Rxe6 Rh4+ 56. Kf5 d2 57. Re7+ Kf8 58. Rd7 Rxb2 59. Rgxd2 Rxd2 60. Rxd2
a3 61. Rd8+ Ke7 62. Ra8 Rh3 63. Ra7+ Kf8 64. Ra8+ Ke7 65. Ra7+ Kf8 66. Ra8+ Ke7 1/2-1/2

[Event "ChessKid Cup Div 3 L"]
[Site "chess.com INT"]
[Date "2023.05.24"]
[Round "4.2"]
[White "Yu, Yangyi"]
[Black "Sevian, Samuel"]
[Result "1/2-1/2"]
[WhiteTitle "GM"]
[BlackTitle "GM"]
[WhiteElo "2729"]
[BlackElo "2684"]
[WhiteFideId "8603820"]
[BlackFideId "2040506"]
[EventDate "2023.05.22"]
[EventType "k.o."]

1. d4 Nf6 2. c4 e6 3. Nc3 Bb4 4. Qc2 d5 5. cxd5 exd5 6. Bg5 h6 7. Bh4 O-O 8. e3
Bg4 9. h3 Bh5 10. Bd3 c5 11. a3 Ba5 12. Ne2 Bxe2 13. Bxe2 cxd4 14. exd4 Nc6 15.
Rd1 g5 16. Bg3 Qb6 17. Be5 Nd7 18. O-O Bxc3 19. bxc3 Ndxe5 20. dxe5 Nxe5 21.
Rxd5 Rfe8 22. Rfd1 Rad8 23. Bf1 Rxd5 24. Rxd5 Ng6 25. g3 Re1 26. Rd1 Rxd1 27.
Qxd1 Qc5 28. Qb3 b6 29. a4 Ne5 30. Be2 Kg7 31. Qb2 Qd6 32. Qb5 Nd7 33. a5 Nc5
34. a6 Qd5 35. Bc4 Qe5 36. Qb4 Ne4 37. Bd3 Nxc3 38. Qc4 Qc5 39. Qg4 1/2-1/2

[Event "ChessKid Cup Div 3 L"]
[Site "chess.com INT"]
[Date "2023.05.24"]
[Round "4.2"]
[White "Donchenko, Alexander"]
[Black "Vallejo Pons, Francisco"]
[Result "0-1"]
[WhiteTitle "GM"]
[BlackTitle "GM"]
[WhiteElo "2669"]
[BlackElo "2712"]
[WhiteFideId "24603295"]
[BlackFideId "2205530"]
[EventDate "2023.05.22"]
[EventType "k.o."]

1. d4 e6 2. c4 b6 3. e4 Bb4+ 4. Bd2 Bxd2+ 5. Nxd2 d6 6. g3 Nc6 7. Ne2 e5 8. d5
Nce7 9. Bg2 Nh6 10. O-O O-O 11. b4 a5 12. a3 f5 13. Qb3 Ng6 14. Rac1 f4 15. Rc2
Bd7 16. Qd3 axb4 17. axb4 Ra4 18. c5 Rxb4 19. cxd6 Bb5 20. Qc3 Qxd6 21. Re1 Ng4
22. Bf3 h5 23. h3 fxg3 24. fxg3 Nf6 25. h4 Ng4 26. Nc1 Rd4 27. Bxg4 hxg4 28.
Ndb3 Rf3 29. Qxc7 Rxg3+ 30. Kh1 Rh3+ 31. Kg1 Rg3+ 32. Kh1 Qxc7 33. Rxc7 Rh3+ 34.
Kg1 Rb4 35. d6 Nxh4 36. d7 Bxd7 37. Rxd7 Nf3+ 38. Kf2 Nxe1 39. Kxe1 Rhxb3 40.
Nxb3 Rxb3 41. Rd5 Re3+ 42. Kf2 Rxe4 43. Kg3 Rb4 44. Rxe5 Kf7 45. Re1 b5 46. Re5
Kf6 47. Re8 Rc4 48. Rb8 b4 49. Rb7 g6 50. Rb6+ Ke5 51. Rxg6 Kd4 52. Kxg4 b3 53.
Kf3 Kc3 54. Ke2 b2 0-1

[Event "ChessKid Cup Div 3 L"]
[Site "chess.com INT"]
[Date "2023.05.24"]
[Round "4.3"]
[White "Donchenko, Alexander"]
[Black "Vallejo Pons, Francisco"]
[Result "1-0"]
[WhiteTitle "GM"]
[BlackTitle "GM"]
[WhiteElo "2669"]
[BlackElo "2712"]
[WhiteFideId "24603295"]
[BlackFideId "2205530"]
[EventDate "2023.05.22"]
[EventType "k.o."]

1. c4 b6 2. d4 e6 3. e4 Bb4+ 4. Bd2 Bxd2+ 5. Nxd2 d6 6. Bd3 e5 7. Ne2 Ne7 8. O-O
O-O 9. Re1 Ng6 10. Rc1 c5 11. d5 Nd7 12. Nf1 Nf4 13. Bc2 Nxe2+ 14. Qxe2 Nf6 15.
h3 g6 16. Ng3 h5 17. Qe3 h4 18. Ne2 Nh5 19. f4 Qf6 20. f5 g5 21. Kh2 Qh6 22. Rg1
f6 23. Ba4 Nf4 24. a3 a5 25. Rc2 Qh7 26. Bc6 Ra7 27. Qb3 Ra6 28. Qb5 Qa7 29. Nc3
Kh8 30. Be8 Qe7 31. Bg6 a4 32. Nxa4 Qa7 33. Nc3 Bd7 34. Qb3 Ba4 35. Nxa4 Rxa4
36. g3 hxg3+ 37. Qxg3 Rg8 38. h4 Nxg6 39. fxg6 Rxg6 40. hxg5 Qh7+ 41. Qh3 Qxh3+
42. Kxh3 Kg7 43. Kh4 fxg5+ 44. Rxg5 Kh6 45. Rh5+ Kg7 46. Rg5 Kh6 47. Rxg6+ Kxg6
48. Kg4 b5 49. cxb5 Rxe4+ 50. Kf3 Ra4 51. Rc3 Ra7 52. b6 Rb7 53. Rb3 Kf5 54. a4
e4+ 55. Ke3 Ke5 56. a5 Kxd5 57. a6 Rh7 58. a7 Rh3+ 59. Kd2 Rxb3 60. a8=Q+ Kd4
61. Qa4+ 1-0

[Event "ChessKid Cup Div 3 L"]
[Site "chess.com INT"]
[Date "2023.05.24"]
[Round "4.1"]
[White "Lysyj, Igor"]
[Black "Navara, David"]
[Result "1/2-1/2"]
[WhiteTitle "GM"]
[BlackTitle "GM"]
[WhiteElo "2606"]
[BlackElo "2678"]
[WhiteFideId "4150120"]
[BlackFideId "309095"]
[EventDate "2023.05.22"]
[EventType "k.o."]

1. d4 d5 2. c4 c6 3. Nf3 Nf6 4. e3 Bf5 5. cxd5 cxd5 6. Qb3 Qc7 7. Bd2 e6 8. Bb5+
Nc6 9. O-O Bd6 10. Bb4 O-O 11. Bxd6 Qxd6 12. Nbd2 Rfc8 13. Rfc1 Nd7 14. Bxc6
bxc6 15. Qc3 c5 16. Nb3 c4 17. Nbd2 a5 18. b3 Nb6 19. bxc4 Nxc4 20. Nb3 h6 21.
Nc5 Rab8 22. Nd2 e5 23. a3 exd4 24. exd4 Qf4 25. Nxc4 dxc4 26. Re1 Be6 27. g3
Qd6 28. Nxe6 fxe6 29. Qxa5 Qxd4 30. Rad1 Qf6 31. Qa6 c3 32. Qxe6+ Qxe6 33. Rxe6
c2 34. Rc1 Rb1 35. Ree1 Rb3 36. Re2 Rb1 37. Ree1 Rb2 38. Kg2 Rc4 39. Re2 Ra2 40.
a4 h5 41. h4 Kh7 42. a5 g6 43. a6 Rxa6 44. Rexc2 Rxc2 45. Rxc2 1/2-1/2

[Event "ChessKid Cup Div 3 L"]
[Site "chess.com INT"]
[Date "2023.05.24"]
[Round "4.2"]
[White "Navara, David"]
[Black "Lysyj, Igor"]
[Result "1/2-1/2"]
[WhiteTitle "GM"]
[BlackTitle "GM"]
[WhiteElo "2678"]
[BlackElo "2606"]
[WhiteFideId "309095"]
[BlackFideId "4150120"]
[EventDate "2023.05.22"]
[EventType "k.o."]

1. b3 Nf6 2. Bb2 e6 3. Nf3 b6 4. g3 Bb7 5. Bg2 Be7 6. c4 c5 7. O-O O-O 8. d4
cxd4 9. Qxd4 d6 10. Nc3 a6 11. e4 Nbd7 12. Qe3 Qc7 13. Nd4 Rfe8 14. Rac1 Bf8 15.
h3 Rac8 16. f4 g6 17. Kh2 Bg7 18. Rce1 e5 19. fxe5 Nxe5 20. Qd2 Nfd7 21. Nd5 Qd8
22. Rd1 Nc5 23. Ba1 Ned7 24. Qf4 Ne5 25. Nf6+ Bxf6 26. Qxf6 Qxf6 27. Rxf6 Nxe4
28. Bxe4 Bxe4 29. Rxd6 b5 30. cxb5 axb5 31. g4 Ra8 32. Rd2 Bb1 33. Kg3 Bxa2 34.
Nxb5 Bxb3 35. Nc7 Rxa1 36. Nxe8 Nc4 37. g5 Nxd6 38. Rxd6 Ra8 39. Nf6+ Kg7 40. h4
Be6 41. Rd4 h6 42. Kf4 Rb8 43. Ng4 hxg5+ 44. hxg5 Ra8 45. Rb4 Rh8 46. Nh6 Ra8
47. Ng4 Ra1 48. Ne3 Rh1 49. Rb5 Kf8 50. Rb8+ Ke7 51. Rb5 Kd6 52. Ra5 Kc6 53. Nc2
Kb6 54. Re5 Rh4+ 55. Ke3 Kc6 56. Nd4+ Kd6 57. Ra5 Bd5 58. Ra6+ Ke7 59. Ra5 Re4+
60. Kd3 Kd6 61. Nb5+ Kc6 62. Nd4+ Kd6 63. Nb5+ Kc6 64. Nc3 Re5 65. Kd4 Rxg5 66.
Nxd5 Rg4+ 67. Ke3 f5 68. Ne7+ Kd6 69. Nxg6 Re4+ 70. Kf3 Re8 71. Kf4 Kc6 72. Ne5+
Kb6 73. Ra1 Rh8 74. Rc1 Kb5 75. Kxf5 Kb4 76. Ke4 Rh4+ 77. Kd5 Rh5 78. Rc4+ Kb3
79. Rf4 Kc3 80. Rg4 Kb3 81. Kd4 Kb4 82. Rg8 Rh4+ 83. Ng4 Kb5 84. Rg6 Rh1 85. Nf2
Rh4+ 86. Ne4 Rh5 87. Nc3+ Ka5 88. Re6 Rg5 89. Nd5 Rh5 90. Kc5 Ka4 91. Re3 Rg5
92. Rh3 Rf5 93. Kc4 Rg5 94. Rf3 Rg4+ 95. Kc5 Rg5 96. Re3 Rh5 97. Rg3 Rf5 98. Kc4
Rh5 99. Nf6 Rh4+ 100. Kc5 Rh8 101. Ne4 Rh5+ 102. Kc4 Rh4 103. Re3 Rg4 104. Kc5
Rh4 105. Nf6 Rh8 106. Nd7 Rh5+ 107. Kc4 Rh4+ 108. Kc5 Rh5+ 109. Re5 Rxe5+ 110.
Nxe5 1/2-1/2

[Event "ChessKid Cup Div 3 L"]
[Site "chess.com INT"]
[Date "2023.05.24"]
[Round "4.3"]
[White "Lysyj, Igor"]
[Black "Navara, David"]
[Result "1/2-1/2"]
[WhiteTitle "GM"]
[BlackTitle "GM"]
[WhiteElo "2606"]
[BlackElo "2678"]
[WhiteFideId "4150120"]
[BlackFideId "309095"]
[EventDate "2023.05.22"]
[EventType "k.o."]

1. d4 Nf6 2. c4 e6 3. Nf3 d5 4. g3 Be7 5. Bg2 O-O 6. O-O dxc4 7. Ne5 Nc6 8. Nxc6
bxc6 9. Na3 Bxa3 10. bxa3 Rb8 11. Qa4 Qxd4 12. Be3 Qb2 13. Qxc4 Nd5 14. Bxa7 Ra8
15. Bd4 Qb5 16. Qc2 Rxa3 17. Bxd5 exd5 18. Bc5 Bf5 19. Qc1 Ra4 20. Bxf8 Kxf8 21.
Qg5 Bd7 22. Qd8+ Be8 23. Rab1 Qc5 24. Qxc7 Rxa2 25. e3 Ra7 26. Qc8 Re7 27. Rfc1
Qd6 28. Rb8 d4 29. exd4 g6 30. Qd8 Qf6 31. Qb6 Kg7 32. Qb2 Bd7 33. Rb3 Be6 34.
Re3 Bd5 35. Qd2 Ra7 36. Qb4 Ra2 37. Rf1 g5 38. h3 Qf5 39. g4 Qf4 40. Re8 Qg3+
41. fxg3 Rg2+ 42. Kh1 Rf2+ 1/2-1/2

[Event "ChessKid Cup Div 3 L"]
[Site "chess.com INT"]
[Date "2023.05.24"]
[Round "5.1"]
[White "Kamsky, Gata"]
[Black "Sevian, Samuel"]
[Result "1/2-1/2"]
[WhiteTitle "GM"]
[BlackTitle "GM"]
[WhiteElo "2665"]
[BlackElo "2684"]
[WhiteFideId "2000024"]
[BlackFideId "2040506"]
[EventDate "2023.05.22"]
[EventType "k.o."]

1. d4 Nf6 2. Nf3 g6 3. g3 Bg7 4. Bg2 O-O 5. O-O d6 6. c4 Nbd7 7. Nc3 e5 8. e4
exd4 9. Nxd4 Re8 10. h3 Nc5 11. Re1 Bd7 12. Bf4 h6 13. Nb3 Ne6 14. Bd2 a5 15. a4
Ng5 16. g4 Bc6 17. Qc2 Nd7 18. f4 Ne6 19. Nd5 Nd4 20. Nxd4 Bxd4+ 21. Kh1 Nc5 22.
Bc3 Bxc3 23. Qxc3 Re6 24. b3 Nd7 25. e5 dxe5 26. fxe5 Rc8 27. Qxa5 Rxe5 28. Rxe5
Nxe5 29. Re1 Bxd5 30. Qxd5 Qxd5 31. Bxd5 Nc6 32. Bxc6 bxc6 33. b4 Ra8 34. Ra1
Kg7 35. Kg2 Kf6 36. Kf3 Ke5 37. Ke3 c5 38. b5 Ra5 39. Kd3 f5 40. gxf5 gxf5 41.
Re1+ Kf6 42. Ra1 Ke5 43. Re1+ Kf6 44. Ra1 Ke5 1/2-1/2

[Event "ChessKid Cup Div 3 L"]
[Site "chess.com INT"]
[Date "2023.05.24"]
[Round "5.1"]
[White "Donchenko, Alexander"]
[Black "Navara, David"]
[Result "1/2-1/2"]
[WhiteTitle "GM"]
[BlackTitle "GM"]
[WhiteElo "2669"]
[BlackElo "2678"]
[WhiteFideId "24603295"]
[BlackFideId "309095"]
[EventDate "2023.05.22"]
[EventType "k.o."]

1. c4 e5 2. g3 Nf6 3. Bg2 d5 4. cxd5 Nxd5 5. Nc3 Nb6 6. Nf3 Nc6 7. O-O Be7 8. d3
O-O 9. Be3 Be6 10. Rc1 f5 11. Na4 f4 12. Bc5 Bd5 13. a3 a5 14. Bxe7 Qxe7 15.
Nxb6 cxb6 16. Nd2 Bxg2 17. Kxg2 a4 18. Rc4 Nd4 19. Rxa4 Rxa4 20. Qxa4 Nxe2 21.
Re1 Qf6 22. Qe4 Nd4 23. Qxe5 f3+ 24. Kf1 Qxe5 25. Rxe5 Rc8 26. Nc4 h6 27. Rd5
Nb3 28. Ke1 Re8+ 29. Re5 Rd8 30. Re3 b5 31. Ne5 Rc8 32. Nxf3 Rc1+ 33. Ke2 Rc2+
34. Kf1 Rxb2 35. Kg2 Na5 36. Ne5 Nc6 37. Nf3 b4 38. axb4 Nxb4 39. d4 b5 40. Re8+
Kf7 41. Rb8 Nd3 42. Ne5+ Nxe5 43. dxe5 b4 44. Rb6 Re2 45. Rb7+ Kg6 46. Rb5 Kf5
47. Rxb4 Rxe5 48. Rb6 Ra5 49. h3 h5 50. Rc6 g6 51. Rb6 Kg5 52. Rb4 Kf6 53. Rb3
Ra6 54. Kf3 Rc6 55. Rb4 Ra6 56. Kf4 Rc6 57. h4 Ra6 58. Ke4 Re6+ 59. Kf3 Ra6 60.
Rc4 Rb6 61. Rc2 Ra6 62. Ke4 Ra4+ 63. Kd5 Ra5+ 64. Kd4 Ra4+ 65. Ke3 Ra3+ 66. Kf4
Ra4+ 67. Kf3 Ra3+ 68. Ke2 Ra6 69. Rc3 Re6+ 70. Kf3 Ra6 71. Rd3 Kf5 72. Rd5+ Kf6
73. Ke4 Re6+ 74. Kd3 Ra6 75. Rc5 Re6 76. f3 Re1 77. Rc6+ Kf5 78. Kd2 Rg1 79.
Rc5+ Kf6 80. Rg5 Ra1 81. Ke3 Ra3+ 82. Kf2 Ra2+ 83. Kg1 Ra1+ 84. Kg2 Ra2+ 85. Kh3
Rf2 86. f4 Kf7 87. Rd5 Kf6 88. Rd1 Kf7 89. Rg1 Ra2 90. Rg2 Ra6 91. Rb2 Kf6 92.
Kg2 Ke6 93. Re2+ Kf6 94. Kf3 Ra3+ 95. Re3 Rxe3+ 96. Kxe3 Ke7 97. Kd4 Kd6 98. Kd3
Kd7 99. Ke4 Ke6 100. Kf3 Kf7 101. Kf2 Kf8 102. Ke2 Ke8 103. Kd3 Kd7 104. Kc3 Kc7
105. Kc4 Kc6 106. Kd4 Kd6 107. Ke4 Ke6 108. Kf3 Kf7 109. g4 hxg4+ 110. Kxg4 Kf6
111. Kg3 Kf5 112. Kf3 Ke6 113. Kg4 Kf6 114. h5 gxh5+ 115. Kxh5 Kf5 116. Kh4 Kxf4 1/2-1/2

[Event "ChessKid Cup Div 3 L"]
[Site "chess.com INT"]
[Date "2023.05.24"]
[Round "5.2"]
[White "Navara, David"]
[Black "Donchenko, Alexander"]
[Result "1-0"]
[WhiteTitle "GM"]
[BlackTitle "GM"]
[WhiteElo "2678"]
[BlackElo "2669"]
[WhiteFideId "309095"]
[BlackFideId "24603295"]
[EventDate "2023.05.22"]
[EventType "k.o."]

1. e4 c6 2. d4 d5 3. exd5 cxd5 4. Bd3 Nf6 5. c3 Bg4 6. Qb3 Qc7 7. h3 Bh5 8. g4
Bg6 9. Bxg6 hxg6 10. g5 Nh5 11. Qxd5 e6 12. Qe4 Bd6 13. Be3 O-O 14. Nd2 Nd7 15.
Ne2 e5 16. O-O-O Rfe8 17. Nf3 Nf4 18. Bxf4 exf4 19. Qd3 b5 20. h4 Nb6 21. Kb1
Rab8 22. h5 Qc4 23. Nc1 b4 24. cxb4 Qxb4 25. hxg6 fxg6 26. Qxg6 Nc4 27. Qh7+ Kf8
28. Qf5+ Ke7 29. Rde1+ Kd8 30. Rxe8+ Kxe8 31. Nb3 Qb5 32. Qe6+ Kd8 33. Rc1 Rc8
34. Rxc4 Qxc4 35. Qxd6+ Ke8 36. Qe5+ Kf8 37. Qf5+ Kg8 38. Nfd2 Qc6 39. d5 Qc7
40. a3 Re8 41. Ka2 Re2 42. g6 a5 43. Ne4 a4 44. Nbc5 Qb8 45. Qe6+ Kh8 46. Qh3+
Kg8 47. Qh7+ Kf8 48. Qh8+ 1-0

[Event "ChessKid Cup Div 3 L"]
[Site "chess.com INT"]
[Date "2023.05.25"]
[Round "6.1"]
[White "Lazavik, Denis"]
[Black "Kamsky, Gata"]
[Result "1-0"]
[WhiteTitle "GM"]
[BlackTitle "GM"]
[WhiteElo "2544"]
[BlackElo "2665"]
[WhiteFideId "13515110"]
[BlackFideId "2000024"]
[EventDate "2023.05.22"]
[EventType "k.o."]

1. d4 Nf6 2. c4 e6 3. Nf3 b6 4. g3 Bb7 5. Bg2 Bb4+ 6. Bd2 Bxd2+ 7. Qxd2 d6 8.
O-O Nbd7 9. Qf4 O-O 10. Nc3 Re8 11. e4 e5 12. Qe3 exd4 13. Nxd4 Nc5 14. f3 a5
15. Rad1 g6 16. b3 Qe7 17. Qd2 Qf8 18. Rfe1 h5 19. a3 Qg7 20. b4 axb4 21. axb4
Ne6 22. Ndb5 Red8 23. f4 Ne8 24. Qe3 c6 25. Nd4 Nxd4 26. Rxd4 c5 27. bxc5 bxc5
28. Rd3 Rab8 29. Ra1 Bc8 30. e5 Bf5 31. Rdd1 dxe5 32. fxe5 Nc7 33. Nd5 Nxd5 34.
cxd5 Re8 35. Re1 c4 36. Ra7 Rb3 37. Qf4 Qf8 38. Qxc4 Rb4 39. Qc3 Rc8 40. Qe3 Rb2
41. e6 Rcc2 42. Bf3 fxe6 43. dxe6 Bg4 44. e7 Qe8 45. Ra8 Bc8 46. Bd5+ Kh7 47.
Be4 Rd2 48. Rxc8 Qxc8 49. Bxg6+ Kg7 50. Qe5+ Kh6 51. Qxh5+ Kg7 52. Qh7+ Kf6 53.
Qf7+ Kg5 54. h4+ Kg4 55. Qf4+ Kh3 56. Bf5+ 1-0

[Event "ChessKid Cup Div 3 L"]
[Site "chess.com INT"]
[Date "2023.05.25"]
[Round "6.2"]
[White "Kamsky, Gata"]
[Black "Lazavik, Denis"]
[Result "1/2-1/2"]
[WhiteTitle "GM"]
[BlackTitle "GM"]
[WhiteElo "2665"]
[BlackElo "2544"]
[WhiteFideId "2000024"]
[BlackFideId "13515110"]
[EventDate "2023.05.22"]
[EventType "k.o."]

1. e4 e5 2. Nf3 Nc6 3. Bb5 Nf6 4. O-O Nxe4 5. d4 Nd6 6. Bxc6 dxc6 7. dxe5 Nf5 8.
Qxd8+ Kxd8 9. Rd1+ Ke8 10. Nc3 Be7 11. g3 Be6 12. b3 Rd8 13. Bb2 h5 14. h3 a5
15. Ne4 Bd5 16. Nfg5 b5 17. Rac1 c5 18. c4 bxc4 19. bxc4 Bc6 20. Rxd8+ Bxd8 21.
Re1 Bxg5 22. Nxg5 Nd4 23. f4 Ke7 24. Ba3 Ne6 25. Nxe6 Kxe6 26. Rd1 Rg8 27. Kf2
g5 28. Ke3 Bg2 29. Bxc5 Bxh3 1/2-1/2

[Event "ChessKid Cup Div 3 L"]
[Site "chess.com INT"]
[Date "2023.05.25"]
[Round "6.1"]
[White "Bernadskiy, Vitaliy"]
[Black "Navara, David"]
[Result "1-0"]
[WhiteTitle "GM"]
[BlackTitle "GM"]
[WhiteElo "2592"]
[BlackElo "2678"]
[WhiteFideId "14100371"]
[BlackFideId "309095"]
[EventDate "2023.05.22"]
[EventType "k.o."]

1. e4 c5 2. Nf3 e6 3. c3 d5 4. exd5 Qxd5 5. d4 Nf6 6. Bd3 Nc6 7. O-O cxd4 8.
cxd4 Be7 9. Nc3 Qd6 10. Nb5 Qd8 11. Bf4 Nd5 12. Bg3 O-O 13. Re1 a6 14. Nc3 Nxc3
15. bxc3 b5 16. a4 b4 17. c4 Bf6 18. Be4 Bb7 19. c5 Na5 20. Bxb7 Nxb7 21. a5 Qd5
22. Qa4 Nxc5 23. dxc5 Bxa1 24. Rxa1 Qxc5 25. Rb1 Rfd8 26. h4 Rd5 27. Rxb4 Qxa5
28. Qc6 Qxb4 29. Qxa8+ Qf8 30. Qxa6 h6 31. Kh2 Qe8 32. Ne5 f6 33. Nc4 e5 34. Ne3
Rd8 35. Nf5 Qd7 36. Qc4+ Kh7 37. Qe4 Kh8 38. h5 Qf7 39. Qg4 Qd7 40. f3 Ra8 41.
Qg6 Ra7 42. Bf2 Ra4 43. Nxg7 Ra2 44. Ne8 Rxf2 45. Nxf6 1-0

[Event "ChessKid Cup Div 3 L"]
[Site "chess.com INT"]
[Date "2023.05.25"]
[Round "6.2"]
[White "Navara, David"]
[Black "Bernadskiy, Vitaliy"]
[Result "1-0"]
[WhiteTitle "GM"]
[BlackTitle "GM"]
[WhiteElo "2678"]
[BlackElo "2592"]
[WhiteFideId "309095"]
[BlackFideId "14100371"]
[EventDate "2023.05.22"]
[EventType "k.o."]

1. e4 e5 2. Nf3 Nc6 3. Bb5 Nf6 4. d3 Bc5 5. c3 O-O 6. O-O d5 7. Nbd2 dxe4 8.
dxe4 a5 9. a4 Bg4 10. h3 Bh5 11. Qc2 Qe7 12. Nh4 Bg6 13. Nxg6 fxg6 14. Nc4 Nh5
15. Kh2 Na7 16. Nxa5 Nxb5 17. axb5 Qf6 18. Nxb7 Rxa1 19. Nxc5 Qf7 20. f3 Nf4 21.
Rd1 Qc4 22. Nd7 Re8 23. Nxe5 Rxe5 24. Bxf4 Rxd1 25. Qxd1 Rxb5 26. Qd8+ Kf7 27.
Qd7+ Kf8 28. Bxc7 h6 29. Bb6 Rxb2 30. Bd4 Qf7 31. Qd8+ Qe8 32. Bxg7+ Kf7 33.
Qf6+ Kg8 34. Bxh6 Qf7 35. Qxf7+ Kxf7 36. Be3 Rc2 37. Bd4 g5 38. Kg3 Kg6 39. Be5
Kh5 40. Bf6 Kg6 41. Be7 Rxc3 42. h4 gxh4+ 43. Kxh4 Rc7 44. Bd6 Rc6 45. Bf4 Rc2
46. g3 Rf2 47. Kg4 Rf1 48. Bg5 Re1 49. Kf4 Rf1 50. g4 Kf7 51. Kg3 Kg6 52. Be3
Re1 53. Kf2 Rh1 54. f4 Rh3 55. f5+ Kf6 56. Bf4 Kf7 57. g5 Rb3 58. Be3 Rb1 59.
g6+ Kf6 60. Bd4+ Kg5 61. g7 Rb8 62. Kf3 Rb3+ 63. Be3+ 1-0

[Event "ChessKid Cup Div 3 L"]
[Site "chess.com INT"]
[Date "2023.05.25"]
[Round "6.3"]
[White "Navara, David"]
[Black "Bernadskiy, Vitaliy"]
[Result "0-1"]
[WhiteTitle "GM"]
[BlackTitle "GM"]
[WhiteElo "2678"]
[BlackElo "2592"]
[WhiteFideId "309095"]
[BlackFideId "14100371"]
[EventDate "2023.05.22"]
[EventType "k.o."]

1. c4 e5 2. g3 Nf6 3. Bg2 d5 4. cxd5 Nxd5 5. Nc3 Nb6 6. Nf3 Nc6 7. O-O Be7 8. b3
Bg4 9. Bb2 Qd7 10. Rc1 Bh3 11. Bxh3 Qxh3 12. Nb5 Bd6 13. Qc2 O-O 14. d4 Rfe8 15.
dxe5 Bxe5 16. Bxe5 Nxe5 17. Nxc7 Nxf3+ 18. exf3 Re5 19. f4 Rh5 20. f3 Rc8 21. g4
Rxc7 22. Rfe1 Nd7 23. Qd2 Rxc1 24. Rxc1 Nf8 25. gxh5 Qxf3 26. h6 Qh5 27. hxg7
Ng6 28. Rc3 Kxg7 29. Qd4+ Kh6 30. Rg3 Qf5 31. Qd2 Qc5+ 0-1

[Event "ChessKid Cup Div 3 L"]
[Site "chess.com INT"]
[Date "2023.05.25"]
[Round "7.1"]
[White "Lazavik, Denis"]
[Black "Bernadskiy, Vitaliy"]
[Result "1-0"]
[WhiteTitle "GM"]
[BlackTitle "GM"]
[WhiteElo "2544"]
[BlackElo "2592"]
[WhiteFideId "13515110"]
[BlackFideId "14100371"]
[EventDate "2023.05.22"]
[EventType "k.o."]

1. d4 g6 2. c4 Bg7 3. Nf3 c5 4. d5 b5 5. cxb5 a6 6. bxa6 Bxa6 7. Nc3 d6 8. e4
Bxf1 9. Kxf1 Nd7 10. g3 Qa5 11. Bd2 Nb6 12. Qe2 Na4 13. Kg2 Nxc3 14. Bxc3 Bxc3
15. bxc3 Qxc3 16. e5 Kf8 17. Rhe1 Kg7 18. Rac1 Qa3 19. Ng5 h6 20. Nxf7 Kxf7 21.
exd6 Re8 22. d7 Rd8 23. Qe5 Rh7 24. Rc3 Qa8 25. Rf3+ Nf6 26. Qxe7+ 1-0